00269nam a2200109Ia 4500008004100000020001800041041000800059082001500067100002000082245002100102260003600123230717s9999 xx 000 0 und d a81-7154-013-9 aeng a306.8bMAN aMandelbaum D. G aSociety In India aBombaybPopular Prakashanc1972